| 000 | 00978cam a2200289 i 4500 | ||
|---|---|---|---|
| 001 | bg | ||
| 003 | KOSZ 005 | ||
| 005 | 20191014102952.0 | ||
| 008 | 071011s1965 pl a f 001 0 pol | ||
| 015 | _aPB 1966/1729 | ||
| 040 |
_aWA N _cKOSZ 005/HR _dKOSZ 005/HR |
||
| 080 | _a624.04 | ||
| 080 | _a621 | ||
| 100 | 1 |
_aRakowski, Gustaw _d(1929-2006) _eAutor |
|
| 245 | 1 | 0 |
_aPręty zakrzywione : _bobliczenia statyczne / _cGustaw Rakowski, Roman Solecki. |
| 260 |
_aWarszawa : _b"Arkady", _c1965. |
||
| 300 |
_a363 s. : _bil. ; _c25 cm. |
||
| 380 | _aKsiążki | ||
| 504 | _aBibliogr. s. [357]-360. Indeks. | ||
| 521 | 8 | _aDla inżynierów projektantów-konstruktorów. | |
| 650 | 4 |
_aPręty _xmechanika. |
|
| 650 | 4 | _aStatyka budowlana | |
| 710 | 2 |
_aWydawnictwo "Arkady". _4pbl. |
|
| 700 | 1 |
_aSolecki, Roman _eAutor |
|
| 856 |
_uhttp://koha.tu.koszalin.pl/cgi-bin/koha/opac-detail.pl?biblionumber=11435 _yKatalog online BPK |
||
| 942 |
_2UKD _cKS |
||
| 999 |
_c11435 _d11435 |
||